000 00713nam a22002417a 4500
001 92205
003 UA-OsUOA
005 20191119154648.0
007 ta
008 20121211b un ||||| |||| 00| 0 ukr d
040 _aUA-OsUOA
_bukr
_cUA-OsUOA
_dUA-OsUOA
041 _aukr
080 _a821.161.2
090 _a821.161.2
_bЯ22
100 _aЯворівський В.
245 _aАвтопортрет з уяви
_bроман
260 _aК.
_c1981
_bРадянський письменник
300 _a255 с.
650 7 _a82 Література. Літературознавство
_2UDC
942 _cBK
_2udc
955 _a3
999 _c378405
_d378405